| 000 | 00499nam a22001937a 4500 | ||
|---|---|---|---|
| 001 | 00028803 | ||
| 005 | 20260416151344.0 | ||
| 008 | 260416b ag ||||| |||| 00| 0 spa d | ||
| 020 | _a9500727919 | ||
| 040 |
_bspa _cAR-CcCEOS |
||
| 080 | _a860-3(82) | ||
| 090 | _bDUE | ||
| 100 | 1 |
_aDuer, Walter, _d1974- _91071 |
|
| 245 |
_aManual del buen judio / _cWalter Duer |
||
| 250 | _a1ยช ed. | ||
| 260 |
_aBuenos Aires : _bSudamericana, _c2007. |
||
| 300 |
_a224 p. ; _c22x14 cm. |
||
| 942 |
_2udc _cBK |
||
| 999 |
_c28839 _d28839 |
||
| 945 |
_a66467 _bMelina Rolando _c66467 _dMelina Rolando |
||